000
00360nam a2200145Ia 4500
008
191206s9999 xx 000 0 und d
090
_a
QE28.M38
245
0
_a
Geology made simple
250
_a
[1st ed.]
260
_a
Doubleday
260
_b
Made simple books
260
_c
c1967
300
_a
192 p. illus. 26 cm.
999
_c
16045
_d
16045